LEADER 01317nam a2200277 u 4500 001 000000029440 003 CaOOAMICUS 005 20070226111921.0 008 970311s1972 fr bdf u000 u fre u 035 $a10755336 040 $aEFR$bita$dPUL(R) 100 1 $aContamine, Philippe,$d1932-$0(OLS)http://pul/name/23796 245 10$aGuerre, état et sociétè à la fin du Moyen-Age :$bétudes sur les armées des rois de France 1337-1494 /$cPhilippe Contamine. 260 $aParis :$bMouton,$c1972. 300 $axxxviii, 757 p., [8] f. de pl. :$bcartes, graph. ;$c24 cm 490 1 $aCivilisations et sociétés ;$v24 502 $aThèse. Lettres - Univ. de paris, 1969. 651 4$aFrancia$xStoria$ySec. XIV.$0(OLS)http://pul/subject/5058 651 4$aFrancia$xStoria$ySec. XV.$0(OLS)http://pul/subject/16891 830 0$aCivilisations et sociétés ;$v24.$0(OLS)http://pul/title/25971 850 $aPUL 852 $aPUL$W1$xSL Filosofia 1$y2$m107 E 39$j40804$nBK-PRI$b $qStampati$B40804$CPULBib$Z2$F40804 $H $81 941 1 $a8 961 $aINV: 39186 996 $6245$aGuerre, état et sociétè à la fin du Moyen-Age :$bétudes sur les armées des rois de France 1337-1494$9(OLS)http://pul/title/40301 996 $6260$aParis :$bMouton$9(OLS)http://pul/publisher/52094 LEADER 01340nam a2200301 a 4500 001 000000144269 003 CaOOAMICUS 005 20150623095439.0 008 150623s1970 it u000 u ita r 040 $aPUL$bita 041 1 $aita$hger 100 1 $aBornkamm, Günther.$0(OLS)http://pul/name/5850 240 10$aTheologie Rudolf Bultmanns.$lItaliano.$0(OLS)http://pul/title/182547 245 10$aRudolf Bultmann :$bproblematica e discussione /$cG. Bornkamm. 260 $aBologna :$bDehoniane,$cc1970. 300 $a208 p. ;$c19 cm 490 1 $aSupplementi di Teologia biblica ;$v05 504 $aBibliografia in nota. 600 14$aBultmann, Rudolf Karl,$d1884-1976$xTeologia.$0(OLS)http://pul/subject/24138 830 0$aSupplementi di Teologia biblica ;$v05.$0(OLS)http://pul/title/73790 850 $aPUL 852 $aPUL$W1$xDP1 Fondo Bordoni$y120$m3 D 63$j166277$qFondi$B174059$CPULBib$Z2$F174059 $HBor1452 $81 852 $aPUL$W1$xDP1 Fondo S. Lanza$y121$m3 E 27$j166365$qFondi$B166969$CPULBib$Z2$F166969 $HLan1935 $82 941 1 $a1 961 $aNota ms. di possesso: Sergio Lanza 996 $6245$aRudolf Bultmann :$bproblematica e discussione$9(OLS)http://pul/title/182546 996 $6260$aBologna :$bDehoniane$9(OLS)http://pul/publisher/48655